Co może pachnieć czekoladą, chociaż nie jest do jedzenia? - Statystyki

Ogólne statystyki
  • Ten quiz został rozwiązany 8 razy
  • Średni wynik to 2 z 5
Statystyki odpowiedzi
Hint Odpowiedź % Poprawnych
2. Mydło
57%
1. Perfumy
57%
4. Balsam do ciała
29%
5. Odświeżacz
14%
3. Żel pod prysznic
14%
Nie znaleziono quizów pasujących do podanych kryteriów
Rozkład punktacji
Procent ludzi z każdym wynikiem
Percentyl według liczby udzielonych odpowiedzi
Twoja historia wyników
Nie rozwiązałeś tego quizu